| 000 | 00479cam a2200181ua 4500 | ||
|---|---|---|---|
| 020 | _c995.00 | ||
| 041 |
_aeng _h |
||
| 082 |
_a535.84 _bSVA/AT |
||
| 100 | _aSvanberg, Sune. | ||
| 245 |
_aAtomic and molecular spectroscopy: basic aspects and practical applications / _cS.Svanberg. _hTextual Documents |
||
| 250 |
_a4 / _b. |
||
| 260 |
_aNew Delhi : _bspringer , _c2004. |
||
| 300 | _a ; . | ||
| 365 | _a995.00 | ||
| 504 | _a | ||
| 942 | _cBK | ||
| 999 |
_c13474 _d13474 |
||